Ninjago : tous les maîtres élémentaires - Statistiques

Statistiques générales
  • Ce quiz a été pris 347 fois
    27 depuis la dernière actualisation
  • Le résultat moyen est 18 sur 39
Statistiques - réponses
Pouvoir élémentaire Maître élémentaire actuel Ancienne génération Génération passée % Correct
Terre Cole Lilly Benton
100%
Foudre Jay Libber Inconnu
100%
Feu Kai Ray Ancien maître du feu (Kester)
100%
Eau Nya Maya Nyad
100%
Ambre Skylor Mère de Skylor Maître original de l'ambre
100%
Glace Zane Hibernus Inconnu
100%
Nature Bolobo Père de Bolobo Brook
88%
Vitesse Griffin Turner Grand-père de Griffin Turner Inconnu
88%
Vie Lloyd Inconnu Inconnu
79%
Esprit Neuro Inconnu Inconnu
79%
Métal Karlof Inconnu Inconnu
75%
Gravité Gravis Levi Inconnu
67%
Poison Tox Inconnu Inconnu
67%
Technologie Sora Apparu avec la fusion Apparu avec la fusion
63%
Chaleur Braséra Inconnu Inconnu
54%
Forme Chamille Leo Inconnu
54%
Vent Euphrasia Morro Inconnu
54%
Lumière Paleman Parent éloigné de Paleman Inconnu
54%
Séismes Frak Inconnu Inconnu
50%
Fumée Cinder Ash Inconnu
46%
Assemblage Géo Apparu avec la fusion Apparu avec la fusion
46%
Force brute Nokt Pas d'ancien maître Pas d'ancien maître
46%
Ondes de choc Zéatrix Levo Vespasian-Orus Ancien vainqueur du tournoi des sources
38%
Temps Krux et Acronix Inconnu Inconnu
33%
Peur Rox Pas d'ancien maître Pas d'ancien maître
33%
Essaim Drix Pas d'ancien maître Pas d'ancien maître
25%
Décomposition Kur Pas d'ancien maître Pas d'ancien maître
17%
Plantes Zant-Tanz Inconnu Inconnu
17%
Infortune Zarkt Pas d'ancien maître Pas d'ancien maître
17%
Équilibre Kizzy Inconnu Inconnu
8%
Ombre Obscuria Shadow Dusk
8%
Réflexes Zur Inconnu Inconnu
8%
Illusion Algu Inconnu Inconnu
4%
Propulsion Arccrack Apparu avec la fusion Apparu avec la fusion
4%
Taille Gorge Inconnu Inconnu
4%
Destin Inconnu Inconnu Ancien vainqueur du tournoi des sources
4%
Portails (peut-être non canon) Maître des portails Inconnu Inconnu
4%
Tension superficielle Mord Apparu avec la fusion Apparu avec la fusion
4%
Son Teelk Jacob Pevsner Sono
4%
Aucun quiz correspondant
Distribution des résultats
% des personnes avec chaque résultat
Percentile par nombre de réponses
Votre historique - résultats
Vous n’avez pas pris ce quiz depuis la dernière actualisation